Guess the animal that starts with an M - Statistics

General Stats
  • This quiz has been taken 105 times
  • The average score is 9 of 15
Answer Stats
Picture Answer % Correct
Monkey
96%
moose
96%
mole
88%
mouse
87%
mosquito
83%
manta ray
79%
moth
79%
meerkat
76%
manatee
74%
magpie
46%
maine coon
32%
mongoose
32%
maned wolf
22%
marmot
18%
mantis shrimp
8%
No matching quizzes found
Score Distribution
Percent of People with Each Score
Percentile by Number Answered
Your Score History
You have not taken this quiz